Suspicion et exception (notice n° 1608380)
[ vue normale ]
| 000 -LEADER | |
|---|---|
| fixed length control field | 00998cam a2200229 4500500 |
| 005 - DATE AND TIME OF LATEST TRANSACTION | |
| control field | 20251228142512.0 |
| 041 ## - LANGUAGE CODE | |
| Language code of text/sound track or separate title | fre |
| 042 ## - AUTHENTICATION CODE | |
| Authentication code | dc |
| 100 10 - MAIN ENTRY--PERSONAL NAME | |
| Personal name | Bonelli, Laurent |
| Relator term | author |
| 245 00 - TITLE STATEMENT | |
| Title | Suspicion et exception |
| 260 ## - PUBLICATION, DISTRIBUTION, ETC. | |
| Name of publisher, distributor, etc. | L'Harmattan,<br/> |
| Date of publication, distribution, etc. | 2005.<br/> |
| 520 ## - SUMMARY, ETC. | |
| Summary, etc. | Sur fond de «guerre globale au terrorisme»,les doctrines de sécurité nationale élargies à l’ensemble du monde se nourrissent aujourd’hui des logiques de I 'exception où la sécurité devient la valeur clé, reléguant ainsi la liberté et la justice à d’autres. |
| 700 10 - ADDED ENTRY--PERSONAL NAME | |
| Personal name | Guild, Elspeth |
| Relator term | author |
| 700 10 - ADDED ENTRY--PERSONAL NAME | |
| Personal name | Bigo, Didier |
| Relator term | author |
| 700 10 - ADDED ENTRY--PERSONAL NAME | |
| Personal name | Guittet, Emmanuel-P. |
| Relator term | author |
| 700 10 - ADDED ENTRY--PERSONAL NAME | |
| Personal name | Walker, R.B.J. |
| Relator term | author |
| 700 10 - ADDED ENTRY--PERSONAL NAME | |
| Personal name | Périer, Miriam |
| Relator term | author |
| 700 10 - ADDED ENTRY--PERSONAL NAME | |
| Personal name | Mitsilegas, Valsamis |
| Relator term | author |
| 700 10 - ADDED ENTRY--PERSONAL NAME | |
| Personal name | Bonditti, Philippe |
| Relator term | author |
| 700 10 - ADDED ENTRY--PERSONAL NAME | |
| Personal name | García Castro, Antonia |
| Relator term | author |
| 856 41 - ELECTRONIC LOCATION AND ACCESS | |
| Uniform Resource Identifier | <a href="https://shs.cairn.info/suspicion-et-exception--9782747589116?lang=fr&redirect-ssocas=7080">https://shs.cairn.info/suspicion-et-exception--9782747589116?lang=fr&redirect-ssocas=7080</a> |
Pas d'exemplaire disponible.




Réseaux sociaux